01179cam a2200277 i 4500001000300000003000900003005001700012008003900029015001800068020001500086040002200101080001400123080001200137245010900149260005500258300002800313504003400341521023600375655003000611650002500641650002500666700003300691700003800724710004100762856009800803bgKOSZ 00520200807095512.0030718s2003 pl a f f |001 0 pol aPB 2003/12269 a8320428076 aWA NcKOSZ 005/HR a336.76:51 a(075.8)00aMatematyka finansowa :binstrumenty pochodne /cJacek Jakubowski [et al.] ; pod red. Marka Rutkowskiego. aWarszawa :bWydawnictwa Naukowo-Techniczne,c2003. a320 s. :bil. ;c24 cm. aBibliogr. przy rozdz. Indeks.8 aDla studentów i doktorantów matematyki oraz ekonomii, studiujących problematykę finansową, a także dla wykładowców na kierunkach związanych z zastosowaniami osiągnięć matematyki teoretycznej w tej dziedzinie. 4aPodręczniki akademickie 4aMatematyka finansowa 4aInstrumenty pochodne1 aJakubowski, Jacekd(1954- ).1 aRutkowski, Marekd(1952- ).eRed.2 aWydawnictwa Naukowo-Techniczne4pbl. uhttp://koha.tu.koszalin.pl/cgi-bin/koha/opac-detail.pl?biblionumber=44467yKatalog online BPK